LEADER 01520nam a2200325 i 4500 001 000000160540 003 CaOOAMICUS 005 20190328153858.0 008 070328s2007 it u000 u ita u 013 $a137903 020 $a978-88-343-1382-4 040 $aSeMil$bita 100 1 $aBoespflug, François,$c.$0(OLS)http://semarc/name/16076 240 10$aCaricaturer Dieu? :$bpouvoirs et dangers de l'image.$0(OLS)http://semarc/title/143276 245 13$aLa caricatura e il sacro :$bIslam, ebraismo e cristianesimo a confronto /$cFrançois Boespflug ; [traduzione di Laura Gherardi]. 260 $aMilano :$bV&P,$c2007. 300 $a150 p. ;$c21 cm. 490 0 $aTransizioni ;$v21 650 4$aImmagini sacre - Cristianesimo.$0(OLS)http://semarc/subject/17437 650 4$aImmagini sacre - Islamismo.$0(OLS)http://semarc/subject/17438 650 4$aImmagini sacre - Giudaismo.$0(OLS)http://semarc/subject/17439 700 1 $aGherardi, Laura.$0(OLS)http://semarc/name/42323 830 0$aTransizioni ;$v21.$0(OLS)http://semarc/title/10226 850 $aSeMil 852 $aSeMil$W1$xVenegono$y1$m2R II 55$j112009$B112009$CSeMilBibl$Z2$F122281 $81 961 $aOmaggio: Bressan don Luca 996 $6020$a978-88-343-1382-4$9(OLS)http://semarc/number/76414 996 $6245$aLa caricatura e il sacro :$bIslam, ebraismo e cristianesimo a confronto$9(OLS)http://semarc/title/143275 996 $6260$aMilano :$bV&P$9(OLS)http://semarc/publisher/32040 LEADER 01135nam a2200265 i 4500 001 000000120237 003 CaOOAMICUS 005 20031114000000.0 008 031114s1990 it u000 u ita u 013 $a92931 040 $aSeMil$bita 100 1 $aBarzaghi, Gioachino,$c.$0(OLS)http://semarc/name/16432 245 10$aAlle radici del Sistema preventivo di don Bosco /$cGioachino Barzaghi. 260 $aMilano :$bLAS,$cstampa 1990. 300 $a190 p. ;$c24 cm. 500 $aFondo Card. C.M. Martini. 650 4$aOratorio .$0(OLS)http://semarc/subject/6250 650 4$aPedagogia cristiana.$0(OLS)http://semarc/subject/3210 650 4$aBosco, Giovanni - Sistema preventivo.$0(OLS)http://semarc/subject/10546 850 $aSeMil 852 $aSeMil$W1$xVenegono$y1$m2Q III 114$j75425$B75425$CSeMilBibl$Z2$F78711 $81 941 1 $a4 961 $aOmaggio: Martini Card. Carlo Maria 996 $6245$aAlle radici del Sistema preventivo di don Bosco$9(OLS)http://semarc/title/176883 996 $6260$aMilano :$bLAS$9(OLS)http://semarc/publisher/45975